000 00344nam a2200157Ia 4500
003 Ost
005 20260225132543.0
008 260225s9999||||xx |||||||||||||| ||und||
040 _cfsic
041 _afre
082 _a440
100 _aAldo Busi
_eAuteur
245 0 _aSéminaire sur la jeunasse /
245 0 _cAldo Busi
942 _cكتاب
999 _c33671
_d33671